[Event "European Women's Championship"]
[Site "Vysoke Tatry"]
[Date "2018.04.19"]
[Round "11"]
[White "Cibickova, Zuzana"]
[Black "Velikic, Adela"]
[Result "0-1"]
[Board "36"]
[WhiteElo "2327"]
[WhiteTitle "WGM"]
[WhiteCountry "SVK"]
[WhiteFideId "14905779"]
[WhiteEloChange "-12"]
[BlackElo "2241"]
[BlackTitle "WIM"]
[BlackCountry "SRB"]
[BlackFideId "913553"]
[BlackEloChange "12"]

1. e4 {[%clk 1:30:57]} c6 {[%clk 1:30:56]} 2. d4 {[%clk 1:31:24]} d5 {[%clk
1:31:22]} 3. e5 {[%clk 1:31:51]} Bf5 {[%clk 1:31:45]} 4. h4 {[%clk 1:32:10]} h5
{[%clk 1:32:08]} 5. Bd3 {[%clk 1:32:36]} Bxd3 {[%clk 1:32:33]} 6. Qxd3 {[%clk
1:33:03]} Qa5+ {[%clk 1:32:57]} 7. Nd2 {[%clk 1:32:18]} e6 {[%clk 1:33:18]} 8.
Nf3 {[%clk 1:29:19]} Ne7 {[%clk 1:33:31]} 9. O-O {[%clk 1:29:03]} Nf5 {[%clk
1:33:19]} 10. c4 {[%clk 1:28:59]} Qa6 {[%clk 1:32:50]} 11. b3 {[%clk 1:29:21]}
Be7 {[%clk 1:31:00]} 12. g3 {[%clk 1:29:27]} Nd7 {[%clk 1:30:45]} 13. Qc2 {[%clk
1:27:45]} O-O {[%clk 1:24:26]} 14. Bb2 {[%clk 1:22:23]} Rac8 {[%clk 1:10:37]} 15.
Rfe1 {[%clk 1:11:40]} b6 {[%clk 0:53:24]} 16. a3 {[%clk 1:06:04]} g6 {[%clk
0:52:18]} 17. b4 {[%clk 1:05:43]} dxc4 {[%clk 0:46:52]} 18. Qxc4 {[%clk 0:58:06]}
Qxc4 {[%clk 0:45:31]} 19. Nxc4 {[%clk 0:58:35]} c5 {[%clk 0:45:20]} 20. dxc5
{[%clk 0:54:57]} bxc5 {[%clk 0:45:45]} 21. b5 {[%clk 0:54:34]} Nb6 {[%clk
0:42:58]} 22. Nxb6 {[%clk 0:47:35]} axb6 {[%clk 0:43:24]} 23. a4 {[%clk 0:47:00]}
Rfd8 {[%clk 0:39:18]} 24. Red1 {[%clk 0:46:10]} Rd5 {[%clk 0:37:48]} 25. Rd2
{[%clk 0:45:07]} Rcd8 {[%clk 0:32:08]} 26. Rad1 {[%clk 0:45:27]} Rxd2 {[%clk
0:30:59]} 27. Rxd2 {[%clk 0:45:50]} Ra8 {[%clk 0:31:12]} 28. Bc3 {[%clk 0:36:28]}
Rxa4 {[%clk 0:31:30]} 29. Rc2 {[%clk 0:36:46]} Kf8 {[%clk 0:18:23]} 30. Kf1
{[%clk 0:36:50]} Ke8 {[%clk 0:17:15]} 31. Ke2 {[%clk 0:36:17]} Ra3 {[%clk
0:15:21]} 32. Kd3 {[%clk 0:34:41]} f6 {[%clk 0:08:20]} 33. Nd2 {[%clk 0:33:29]}
Nd4 {[%clk 0:06:39]} 34. Rb2 {[%clk 0:30:46]} fxe5 {[%clk 0:05:40]} 35. Nc4
{[%clk 0:30:48]} e4+ {[%clk 0:05:45]} 36. Kd2 {[%clk 0:31:09]} Nf3+ {[%clk
0:02:09]} 37. Kc2 {[%clk 0:31:38]} Rxc3+ {[%clk 0:01:37]} 38. Kxc3 {[%clk
0:32:07]} Bf6+ {[%clk 0:01:57]} 39. Kb3 {[%clk 0:31:53]} Bxb2 {[%clk 0:02:22]}
40. Kxb2 {[%clk 1:00:25]} Nd4 {[%clk 0:32:15]} 41. Nxb6 {[%clk 1:00:38]} Nxb5
{[%clk 0:31:40]} 42. Na4 {[%clk 0:58:28]} c4 {[%clk 0:29:19]} 43. Nb6 {[%clk
0:56:04]} c3+ {[%clk 0:24:19]} 44. Kc2 {[%clk 0:55:44]} Ke7 {[%clk 0:24:14]} 45.
Na4 {[%clk 0:55:32]} e3 {[%clk 0:04:11]} 46. fxe3 {[%clk 0:54:46]} Kf6 {[%clk
0:00:46]} 47. Nc5 {[%clk 0:48:38]} Kf5 {[%clk 0:00:40]} 48. Nd7 {[%clk 0:33:53]}
e5 {[%clk 0:00:37]} 49. Nf8 {[%clk 0:20:59]} e4 {[%clk 0:01:03]} 50. Kd1 {[%clk
0:11:38]} Na3 {[%clk 0:00:43]} 51. Nh7 {[%clk 0:10:47]} Nc4 {[%clk 0:00:36]} 52.
Kc2 {[%clk 0:10:46]} Nxe3+ {[%clk 0:01:00]} 53. Kxc3 {[%clk 0:11:14]} Nf1 {[%clk
0:01:18]} 54. Kd4 {[%clk 0:11:35]} Nxg3 {[%clk 0:01:24]} 55. Ke3 {[%clk 0:11:02]}
Ke5 {[%clk 0:01:21]} 0-1

[Event "European Women's Championship"]
[Site "Vysoke Tatry"]
[Date "2018.04.19"]
[Round "11"]
[White "Tomilova, Elena"]
[Black "Sandu, Mihaela"]
[Result "1-0"]
[Board "37"]
[WhiteElo "2326"]
[WhiteTitle "WIM"]
[WhiteCountry "RUS"]
[WhiteFideId "4162340"]
[WhiteEloChange "8"]
[BlackElo "2240"]
[BlackTitle "WGM"]
[BlackCountry "ROU"]
[BlackFideId "1204327"]
[BlackEloChange "-8"]

1. d4 {[%clk 1:30:58]} Nf6 {[%clk 1:30:57]} 2. Bg5 {[%clk 1:31:22]} e6 {[%clk
1:31:21]} 3. e4 {[%clk 1:31:47]} h6 {[%clk 1:31:45]} 4. Bxf6 {[%clk 1:32:14]}
Qxf6 {[%clk 1:32:12]} 5. c3 {[%clk 1:32:38]} d6 {[%clk 1:32:04]} 6. Bc4 {[%clk
1:31:43]} Qg6 {[%clk 1:25:11]} 7. Qf3 {[%clk 1:31:31]} e5 {[%clk 1:22:37]} 8. Ne2
{[%clk 1:30:48]} Nd7 {[%clk 1:18:16]} 9. h3 {[%clk 1:28:53]} Nf6 {[%clk 1:13:16]}
10. Nd2 {[%clk 1:26:55]} Be7 {[%clk 1:10:56]} 11. Ng3 {[%clk 1:18:28]} O-O {[%clk
1:10:14]} 12. dxe5 {[%clk 1:07:29]} dxe5 {[%clk 1:10:24]} 13. Bb3 {[%clk
1:07:53]} Bc5 {[%clk 0:52:00]} 14. Nc4 {[%clk 1:06:51]} Qg5 {[%clk 0:52:01]} 15.
Rd1 {[%clk 0:55:29]} Be6 {[%clk 0:50:17]} 16. O-O {[%clk 0:44:16]} a5 {[%clk
0:32:09]} 17. Ne3 {[%clk 0:36:47]} a4 {[%clk 0:30:14]} 18. Bxe6 {[%clk 0:33:26]}
fxe6 {[%clk 0:29:42]} 19. Qe2 {[%clk 0:29:00]} h5 {[%clk 0:22:48]} 20. Ngf5
{[%clk 0:20:59]} exf5 {[%clk 0:19:27]} 21. Qc4+ {[%clk 0:21:20]} Kh8 {[%clk
0:19:07]} 22. Qxc5 {[%clk 0:21:33]} Nxe4 {[%clk 0:15:42]} 23. Qxe5 {[%clk
0:21:07]} Rae8 {[%clk 0:15:35]} 24. Qxc7 {[%clk 0:18:55]} f4 {[%clk 0:14:14]} 25.
Rd5 {[%clk 0:18:39]} Qg6 {[%clk 0:12:58]} 26. Nc4 {[%clk 0:18:05]} Nxf2 {[%clk
0:05:30]} 27. Kxf2 {[%clk 0:12:49]} f3 {[%clk 0:05:41]} 28. gxf3 {[%clk 0:07:59]}
Rxf3+ {[%clk 0:02:03]} 29. Kxf3 {[%clk 0:08:28]} Rf8+ {[%clk 0:01:40]} 30. Ke3
{[%clk 0:08:48]} Rxf1 {[%clk 0:01:56]} 31. Qd8+ {[%clk 0:07:42]} Kh7 {[%clk
0:02:17]} 32. Qg5 {[%clk 0:07:49]} Qe6+ {[%clk 0:02:11]} 33. Kd4 {[%clk 0:04:07]}
g6 {[%clk 0:01:50]} 34. Ne3 {[%clk 0:03:59]} Rf2 {[%clk 0:02:04]} 35. Kd3 {[%clk
0:02:24]} Qxh3 {[%clk 0:01:02]} 36. Qe7+ {[%clk 0:02:18]} Kh6 {[%clk 0:01:25]}
37. Rd8 {[%clk 0:02:21]} 1-0

[Event "European Women's Championship"]
[Site "Vysoke Tatry"]
[Date "2018.04.19"]
[Round "11"]
[White "Theissl Pokorna, Regina"]
[Black "Maltsevskaya, Aleksandra"]
[Result "1-0"]
[Board "38"]
[WhiteElo "2320"]
[WhiteTitle "WGM"]
[WhiteCountry "AUT"]
[WhiteFideId "14902052"]
[WhiteEloChange "8"]
[BlackElo "2237"]
[BlackCountry "RUS"]
[BlackFideId "24174041"]
[BlackEloChange "-8"]

1. Nf3 {[%clk 1:30:54]} Nf6 {[%clk 1:30:52]} 2. g3 {[%clk 1:31:21]} g6 {[%clk
1:31:13]} 3. b3 {[%clk 1:31:47]} Bg7 {[%clk 1:31:38]} 4. Bb2 {[%clk 1:32:15]} O-O
{[%clk 1:31:21]} 5. Bg2 {[%clk 1:32:39]} c5 {[%clk 1:30:37]} 6. c4 {[%clk
1:32:08]} Nc6 {[%clk 1:31:00]} 7. O-O {[%clk 1:32:33]} b6 {[%clk 1:28:35]} 8. d4
{[%clk 1:26:58]} cxd4 {[%clk 1:28:48]} 9. Nxd4 {[%clk 1:27:15]} Bb7 {[%clk
1:29:13]} 10. Nc3 {[%clk 1:27:23]} Qc8 {[%clk 1:27:39]} 11. Nc2 {[%clk 1:13:16]}
d6 {[%clk 1:20:12]} 12. e4 {[%clk 1:03:35]} h5 {[%clk 1:09:18]} 13. Nd5 {[%clk
1:06:22]} Nxd5 {[%clk 0:52:07]} 14. Bxg7 {[%clk 1:06:05]} Kxg7 {[%clk 0:52:30]}
15. exd5 {[%clk 1:06:30]} Ne5 {[%clk 0:52:54]} 16. Re1 {[%clk 0:57:35]} Qc5
{[%clk 0:40:35]} 17. Qd4 {[%clk 0:56:23]} Bc8 {[%clk 0:35:02]} 18. f4 {[%clk
0:44:33]} Bf5 {[%clk 0:32:27]} 19. Be4 {[%clk 0:39:07]} Bxe4 {[%clk 0:28:46]} 20.
Rxe4 {[%clk 0:39:09]} Qxd4+ {[%clk 0:27:05]} 21. Nxd4 {[%clk 0:39:33]} Nd3 {[%clk
0:26:50]} 22. Rxe7 {[%clk 0:36:25]} Rfe8 {[%clk 0:19:07]} 23. Rxe8 {[%clk
0:34:45]} Rxe8 {[%clk 0:19:31]} 24. Nb5 {[%clk 0:32:34]} Re2 {[%clk 0:18:22]} 25.
Nxd6 {[%clk 0:32:50]} Nf2 {[%clk 0:17:50]} 26. Nb5 {[%clk 0:25:33]} Rd2 {[%clk
0:05:45]} 27. Nc3 {[%clk 0:16:44]} Rc2 {[%clk 0:04:32]} 28. d6 {[%clk 0:08:00]}
Kf8 {[%clk 0:03:28]} 29. Re1 {[%clk 0:03:20]} Nh3+ {[%clk 0:03:05]} 30. Kh1
{[%clk 0:03:46]} Nf2+ {[%clk 0:01:45]} 31. Kg2 {[%clk 0:04:04]} Ne4+ {[%clk
0:01:24]} 32. Re2 {[%clk 0:03:51]} Rxc3 {[%clk 0:01:25]} 33. Rxe4 {[%clk
0:03:47]} Rd3 {[%clk 0:01:52]} 34. Kf2 {[%clk 0:03:43]} Rxd6 {[%clk 0:02:07]} 35.
Ke2 {[%clk 0:04:00]} f6 {[%clk 0:01:16]} 36. Re3 {[%clk 0:02:14]} a5 {[%clk
0:00:41]} 37. h4 {[%clk 0:02:20]} Kf7 {[%clk 0:00:40]} 38. Rd3 {[%clk 0:02:28]}
Rc6 {[%clk 0:01:00]} 39. Rd5 {[%clk 0:01:38]} Rc5 {[%clk 0:00:36]} 40. Rxc5
{[%clk 0:30:58]} bxc5 {[%clk 0:31:02]} 41. Kd3 {[%clk 0:25:27]} g5 {[%clk
0:19:07]} 42. fxg5 {[%clk 0:18:51]} fxg5 {[%clk 0:19:30]} 43. Ke4 {[%clk
0:19:18]} gxh4 {[%clk 0:18:23]} 44. gxh4 {[%clk 0:19:44]} Ke6 {[%clk 0:18:47]}
45. a3 {[%clk 0:17:55]} Kd6 {[%clk 0:14:07]} 46. Kf5 {[%clk 0:18:08]} Kd7 {[%clk
0:14:00]} 47. Ke5 {[%clk 0:16:53]} Kc6 {[%clk 0:14:25]} 48. Ke6 {[%clk 0:17:20]}
1-0

[Event "European Women's Championship"]
[Site "Vysoke Tatry"]
[Date "2018.04.19"]
[Round "11"]
[White "Doluhanova, Evgeniya"]
[Black "Solozhenkina, Elizaveta"]
[Result "0-1"]
[Board "39"]
[WhiteElo "2304"]
[WhiteTitle "WGM"]
[WhiteCountry "UKR"]
[WhiteFideId "14112035"]
[WhiteEloChange "-12"]
[BlackElo "2236"]
[BlackTitle "WIM"]
[BlackCountry "RUS"]
[BlackFideId "34106615"]
[BlackEloChange "12"]

1. e4 {[%clk 1:30:58]} c5 {[%clk 1:30:56]} 2. Nf3 {[%clk 1:31:24]} d6 {[%clk
1:31:22]} 3. d4 {[%clk 1:31:51]} cxd4 {[%clk 1:31:48]} 4. Nxd4 {[%clk 1:32:19]}
Nf6 {[%clk 1:32:13]} 5. Nc3 {[%clk 1:32:47]} a6 {[%clk 1:32:37]} 6. Nb3 {[%clk
1:29:06]} e6 {[%clk 1:17:01]} 7. f4 {[%clk 1:22:38]} Qc7 {[%clk 1:14:16]} 8. Bd3
{[%clk 1:22:16]} Be7 {[%clk 1:09:57]} 9. Qe2 {[%clk 1:18:23]} Nbd7 {[%clk
1:09:47]} 10. g4 {[%clk 1:16:51]} h6 {[%clk 1:07:48]} 11. Be3 {[%clk 1:14:39]} b5
{[%clk 1:02:41]} 12. a4 {[%clk 1:04:40]} b4 {[%clk 1:01:00]} 13. Nd1 {[%clk
1:04:20]} e5 {[%clk 0:46:08]} 14. g5 {[%clk 0:57:44]} hxg5 {[%clk 0:45:06]} 15.
fxg5 {[%clk 0:58:06]} Nh5 {[%clk 0:44:50]} 16. Qf3 {[%clk 0:54:41]} Nf8 {[%clk
0:38:38]} 17. Nd2 {[%clk 0:43:28]} Be6 {[%clk 0:38:01]} 18. b3 {[%clk 0:40:09]}
Ng6 {[%clk 0:37:26]} 19. h4 {[%clk 0:38:50]} Ngf4 {[%clk 0:26:41]} 20. Bc4 {[%clk
0:38:26]} Rd8 {[%clk 0:23:27]} 21. a5 {[%clk 0:28:51]} Qc6 {[%clk 0:12:55]} 22.
Bb6 {[%clk 0:27:08]} d5 {[%clk 0:12:21]} 23. Bxd8 {[%clk 0:26:04]} dxc4 {[%clk
0:11:42]} 24. Bxe7 {[%clk 0:25:59]} Kxe7 {[%clk 0:12:10]} 25. bxc4 {[%clk
0:22:37]} Bxc4 {[%clk 0:11:31]} 26. Nxc4 {[%clk 0:16:08]} Qxc4 {[%clk 0:11:56]}
27. Ne3 {[%clk 0:16:04]} Qc3+ {[%clk 0:10:08]} 28. Kf2 {[%clk 0:16:28]} Qd2+
{[%clk 0:04:55]} 29. Kf1 {[%clk 0:16:50]} g6 {[%clk 0:04:47]} 30. Rd1 {[%clk
0:14:15]} Qc3 {[%clk 0:05:13]} 31. Rh2 {[%clk 0:13:55]} Rc8 {[%clk 0:03:59]} 32.
Rhd2 {[%clk 0:12:02]} Kf8 {[%clk 0:04:05]} 33. Rd8+ {[%clk 0:08:31]} Kg7 {[%clk
0:04:28]} 34. Rxc8 {[%clk 0:07:14]} Qxc8 {[%clk 0:04:57]} 35. Rd2 {[%clk
0:05:38]} Qc3 {[%clk 0:04:10]} 36. Ke1 {[%clk 0:04:40]} Qa1+ {[%clk 0:04:14]} 37.
Kf2 {[%clk 0:02:36]} Qxa5 {[%clk 0:04:30]} 38. Nd5 {[%clk 0:01:43]} Qc5+ {[%clk
0:03:20]} 39. Qe3 {[%clk 0:01:47]} Qc4 {[%clk 0:03:45]} 40. Nxf4 {[%clk 0:31:25]}
Nxf4 {[%clk 0:34:06]} 41. Qb6 {[%clk 0:28:13]} Ne6 {[%clk 0:30:13]} 42. Qe3
{[%clk 0:17:21]} a5 {[%clk 0:25:18]} 43. Kg3 {[%clk 0:08:25]} Nf4 {[%clk
0:22:08]} 44. Rf2 {[%clk 0:06:08]} a4 {[%clk 0:19:06]} 45. Rxf4 {[%clk 0:02:47]}
exf4+ {[%clk 0:19:32]} 46. Qxf4 {[%clk 0:03:13]} Qc3+ {[%clk 0:16:48]} 47. Kg4
{[%clk 0:03:38]} a3 {[%clk 0:16:37]} 48. e5 {[%clk 0:04:04]} Kg8 {[%clk 0:14:24]}
49. e6 {[%clk 0:02:15]} fxe6 {[%clk 0:14:18]} 50. Qd6 {[%clk 0:00:42]} Qg7 {[%clk
0:07:55]} 51. Qxe6+ {[%clk 0:00:46]} Qf7 {[%clk 0:07:38]} 52. Qc8+ {[%clk
0:00:56]} Kh7 {[%clk 0:07:30]} 53. Qa6 {[%clk 0:00:49]} a2 {[%clk 0:04:08]} 54.
h5 {[%clk 0:01:06]} Qf5+ {[%clk 0:03:02]} 55. Kh4 {[%clk 0:01:16]} Qf4+ {[%clk
0:03:24]} 56. Kh3 {[%clk 0:01:41]} Qf3+ {[%clk 0:03:39]} 57. Kh4 {[%clk 0:01:30]}
Qxh5+ {[%clk 0:03:59]} 58. Kg3 {[%clk 0:01:51]} Qxg5+ {[%clk 0:04:25]} 0-1

[Event "European Women's Championship"]
[Site "Vysoke Tatry"]
[Date "2018.04.19"]
[Round "11"]
[White "Ozturk, Kubra"]
[Black "Mrvova, Alena"]
[Result "1-0"]
[Board "40"]
[WhiteElo "2295"]
[WhiteTitle "WGM"]
[WhiteCountry "TUR"]
[WhiteFideId "6302599"]
[WhiteEloChange "7"]
[BlackElo "2179"]
[BlackTitle "WIM"]
[BlackCountry "SVK"]
[BlackFideId "14902036"]
[BlackEloChange "-7"]

1. d4 {[%clk 1:30:57]} d5 {[%clk 1:30:37]} 2. c4 {[%clk 1:31:20]} e6 {[%clk
1:30:32]} 3. Nf3 {[%clk 1:31:42]} Be7 {[%clk 1:30:43]} 4. Nc3 {[%clk 1:31:40]}
Nf6 {[%clk 1:30:46]} 5. Bg5 {[%clk 1:31:42]} h6 {[%clk 1:30:40]} 6. Bxf6 {[%clk
1:31:54]} Bxf6 {[%clk 1:31:03]} 7. Qb3 {[%clk 1:29:37]} c6 {[%clk 1:25:42]} 8. e4
{[%clk 1:25:22]} dxe4 {[%clk 1:24:11]} 9. Nxe4 {[%clk 1:25:46]} Bxd4 {[%clk
1:22:32]} 10. O-O-O {[%clk 1:22:59]} e5 {[%clk 1:20:56]} 11. Nxd4 {[%clk
1:20:07]} exd4 {[%clk 1:21:21]} 12. Qa3 {[%clk 1:19:14]} b6 {[%clk 1:09:19]} 13.
Nd6+ {[%clk 1:17:47]} Kd7 {[%clk 1:09:45]} 14. Nxf7 {[%clk 1:13:30]} Qf6 {[%clk
1:07:30]} 15. Nxh8 {[%clk 1:12:45]} g5 {[%clk 1:07:19]} 16. Re1 {[%clk 1:06:46]}
Na6 {[%clk 1:02:05]} 17. Ng6 {[%clk 1:05:35]} Nc5 {[%clk 1:02:24]} 18. Ne5+
{[%clk 0:58:25]} Kc7 {[%clk 1:02:41]} 19. Qf3 {[%clk 0:57:03]} Bf5 {[%clk
0:59:32]} 20. g4 {[%clk 0:56:31]} Rf8 {[%clk 0:58:34]} 21. gxf5 {[%clk 0:55:50]}
Qd6 {[%clk 0:58:43]} 22. Nd3 {[%clk 0:49:06]} Kb7 {[%clk 0:58:30]} 23. Nxc5+
{[%clk 0:49:22]} Qxc5 {[%clk 0:58:57]} 24. Bd3 {[%clk 0:49:37]} b5 {[%clk
0:59:23]} 25. Qe4 {[%clk 0:49:50]} bxc4 {[%clk 0:58:40]} 26. Qe7+ {[%clk
0:50:17]} Kb6 {[%clk 0:59:06]} 27. Qxc5+ {[%clk 0:50:38]} Kxc5 {[%clk 0:59:32]}
28. Re5+ {[%clk 0:50:58]} Kb4 {[%clk 0:59:21]} 29. a3+ {[%clk 0:50:39]} Kb3
{[%clk 0:59:47]} 30. Bc2+ {[%clk 0:50:30]} Ka2 {[%clk 1:00:13]} 31. Rd1 {[%clk
0:49:07]} Rd8 {[%clk 0:59:23]} 32. f6 {[%clk 0:49:01]} 1-0

[Event "European Women's Championship"]
[Site "Vysoke Tatry"]
[Date "2018.04.19"]
[Round "11"]
[White "Worek, Joanna"]
[Black "Batyte, Daiva"]
[Result "1-0"]
[Board "41"]
[WhiteElo "2295"]
[WhiteTitle "WGM"]
[WhiteCountry "CZE"]
[WhiteFideId "1118080"]
[WhiteEloChange "6"]
[BlackElo "2165"]
[BlackTitle "WFM"]
[BlackCountry "LTU"]
[BlackFideId "12801860"]
[BlackEloChange "-6"]

1. d4 {[%clk 1:30:57]} Nf6 {[%clk 1:30:54]} 2. c4 {[%clk 1:31:23]} g6 {[%clk
1:31:18]} 3. Nc3 {[%clk 1:31:50]} Bg7 {[%clk 1:31:43]} 4. e4 {[%clk 1:32:16]} d6
{[%clk 1:31:54]} 5. Nf3 {[%clk 1:32:32]} O-O {[%clk 1:30:41]} 6. h3 {[%clk
1:32:44]} e5 {[%clk 1:27:40]} 7. d5 {[%clk 1:32:18]} a5 {[%clk 1:24:12]} 8. Bg5
{[%clk 1:28:09]} Na6 {[%clk 1:20:47]} 9. g4 {[%clk 1:23:20]} Nc5 {[%clk 1:16:43]}
10. Bd3 {[%clk 1:18:08]} c6 {[%clk 1:06:38]} 11. Qe2 {[%clk 1:14:38]} cxd5 {[%clk
0:48:51]} 12. Nxd5 {[%clk 1:06:35]} Be6 {[%clk 0:47:20]} 13. Nd2 {[%clk 1:05:24]}
Bxd5 {[%clk 0:43:13]} 14. cxd5 {[%clk 1:05:47]} Nxd3+ {[%clk 0:37:21]} 15. Qxd3
{[%clk 1:06:11]} Rc8 {[%clk 0:37:06]} 16. O-O {[%clk 0:53:41]} Qd7 {[%clk
0:30:14]} 17. Rac1 {[%clk 0:49:37]} b5 {[%clk 0:24:35]} 18. Qf3 {[%clk 0:42:49]}
Rxc1 {[%clk 0:23:24]} 19. Rxc1 {[%clk 0:43:15]} Ne8 {[%clk 0:23:09]} 20. Rc6
{[%clk 0:42:51]} f5 {[%clk 0:19:53]} 21. Qe2 {[%clk 0:42:01]} h6 {[%clk 0:19:46]}
22. Be3 {[%clk 0:42:25]} Nf6 {[%clk 0:17:27]} 23. f3 {[%clk 0:42:34]} fxe4 {[%clk
0:14:22]} 24. fxe4 {[%clk 0:25:25]} h5 {[%clk 0:14:10]} 25. Bb6 {[%clk 0:25:41]}
hxg4 {[%clk 0:09:41]} 26. Rc7 {[%clk 0:26:07]} Qe8 {[%clk 0:10:00]} 27. hxg4
{[%clk 0:26:32]} Bh6 {[%clk 0:08:17]} 28. Nf1 {[%clk 0:24:11]} Nd7 {[%clk
0:05:37]} 29. Be3 {[%clk 0:24:05]} Bxe3+ {[%clk 0:05:02]} 30. Nxe3 {[%clk
0:24:27]} Qd8 {[%clk 0:04:49]} 31. Rc6 {[%clk 0:21:41]} Nc5 {[%clk 0:04:25]} 32.
Ng2 {[%clk 0:21:21]} Qf6 {[%clk 0:04:09]} 33. Qe3 {[%clk 0:14:59]} g5 {[%clk
0:02:16]} 34. Kh2 {[%clk 0:12:39]} Qh6+ {[%clk 0:02:06]} 35. Kg1 {[%clk 0:12:13]}
Qg6 {[%clk 0:02:07]} 36. Qxc5 {[%clk 0:12:29]} Qxe4 {[%clk 0:02:10]} 37. Qxd6
{[%clk 0:12:21]} Qb1+ {[%clk 0:00:57]} 38. Kh2 {[%clk 0:12:38]} Qh7+ {[%clk
0:01:03]} 39. Qh6 {[%clk 0:12:47]} Qxh6+ {[%clk 0:01:08]} 40. Rxh6 {[%clk
0:43:12]} Rf2 {[%clk 0:31:03]} 41. Ra6 {[%clk 0:38:27]} Rd2 {[%clk 0:29:08]} 42.
Rxa5 {[%clk 0:38:47]} Rxd5 {[%clk 0:29:26]} 43. a4 {[%clk 0:39:04]} Rd4 {[%clk
0:29:23]} 44. Rxb5 {[%clk 0:39:22]} Rxa4 {[%clk 0:29:35]} 45. Kg3 {[%clk
0:39:16]} Ra2 {[%clk 0:25:59]} 46. Kf3 {[%clk 0:39:11]} Ra4 {[%clk 0:25:38]} 47.
b4 {[%clk 0:38:42]} Kf7 {[%clk 0:23:15]} 48. Ke4 {[%clk 0:38:48]} Kf6 {[%clk
0:23:16]} 49. Rb6+ {[%clk 0:39:11]} Kf7 {[%clk 0:23:15]} 50. Ne3 {[%clk 0:39:33]}
Ra1 {[%clk 0:23:06]} 51. Nc4 {[%clk 0:36:41]} Rf1 {[%clk 0:21:06]} 52. Nxe5+
{[%clk 0:36:40]} Ke7 {[%clk 0:21:21]} 53. Nf3 {[%clk 0:35:51]} Kd7 {[%clk
0:21:30]} 54. b5 {[%clk 0:35:36]} Rb1 {[%clk 0:21:28]} 55. Nxg5 {[%clk 0:35:12]}
Kc7 {[%clk 0:21:33]} 56. Rc6+ {[%clk 0:35:25]} Kd7 {[%clk 0:21:49]} 57. Rc5
{[%clk 0:35:21]} Kd6 {[%clk 0:21:07]} 58. Rd5+ {[%clk 0:35:39]} Ke7 {[%clk
0:21:15]} 59. Nf3 {[%clk 0:35:33]} Kf6 {[%clk 0:19:40]} 60. g5+ {[%clk 0:35:51]}
Kg7 {[%clk 0:19:58]} 61. Ne5 {[%clk 0:33:46]} Rb4+ {[%clk 0:19:18]} 62. Kf5
{[%clk 0:34:10]} Rb1 {[%clk 0:19:28]} 63. Rd7+ {[%clk 0:34:00]} Kf8 {[%clk
0:19:12]} 64. Rb7 {[%clk 0:32:48]} Rf1+ {[%clk 0:17:08]} 65. Ke6 {[%clk 0:33:14]}
Kg8 {[%clk 0:17:08]} 66. g6 {[%clk 0:33:27]} Rb1 {[%clk 0:16:44]} 67. Ng4 {[%clk
0:33:40]} Re1+ {[%clk 0:16:36]} 68. Kd5 {[%clk 0:34:03]} Rd1+ {[%clk 0:13:57]}
69. Kc5 {[%clk 0:34:28]} Rc1+ {[%clk 0:12:48]} 70. Kb6 {[%clk 0:34:54]} Kh8
{[%clk 0:12:30]} 71. g7+ {[%clk 0:35:13]} Kh7 {[%clk 0:12:53]} 72. Nh6 {[%clk
0:34:23]} 1-0

[Event "European Women's Championship"]
[Site "Vysoke Tatry"]
[Date "2018.04.19"]
[Round "11"]
[White "Rodshtein, Tereza"]
[Black "Hoolt, Sarah"]
[Result "0-1"]
[Board "42"]
[WhiteElo "2226"]
[WhiteTitle "WGM"]
[WhiteCountry "CZE"]
[WhiteFideId "325449"]
[WhiteEloChange "-6"]
[BlackElo "2393"]
[BlackTitle "WGM"]
[BlackCountry "GER"]
[BlackFideId "24606812"]
[BlackEloChange "6"]

1. e4 {[%clk 1:30:56]} e5 {[%clk 1:30:56]} 2. Nf3 {[%clk 1:31:21]} Nf6 {[%clk
1:31:22]} 3. Nxe5 {[%clk 1:31:13]} d6 {[%clk 1:31:33]} 4. Nf3 {[%clk 1:30:55]}
Nxe4 {[%clk 1:31:58]} 5. Nc3 {[%clk 1:31:09]} Nxc3 {[%clk 1:31:51]} 6. dxc3
{[%clk 1:31:32]} Be7 {[%clk 1:32:08]} 7. Be3 {[%clk 1:30:36]} O-O {[%clk
1:32:05]} 8. Qd2 {[%clk 1:30:06]} Nd7 {[%clk 1:32:18]} 9. O-O-O {[%clk 1:28:49]}
Nf6 {[%clk 1:32:32]} 10. Bd3 {[%clk 1:24:14]} c5 {[%clk 1:32:24]} 11. Kb1 {[%clk
1:16:17]} Rb8 {[%clk 1:11:31]} 12. Rhe1 {[%clk 1:10:50]} b5 {[%clk 1:11:02]} 13.
Bf4 {[%clk 1:05:01]} Re8 {[%clk 1:03:20]} 14. Ng5 {[%clk 0:57:26]} c4 {[%clk
0:57:58]} 15. Bf1 {[%clk 0:53:18]} Bb7 {[%clk 0:49:47]} 16. f3 {[%clk 0:45:11]}
Nd5 {[%clk 0:41:11]} 17. Ne4 {[%clk 0:41:29]} Nxf4 {[%clk 0:41:15]} 18. Qxf4
{[%clk 0:41:57]} d5 {[%clk 0:41:03]} 19. Ng3 {[%clk 0:37:19]} Bf8 {[%clk
0:29:50]} 20. Nf5 {[%clk 0:34:43]} Qf6 {[%clk 0:27:52]} 21. g4 {[%clk 0:34:38]}
Rbd8 {[%clk 0:25:05]} 22. Qc7 {[%clk 0:26:29]} Bc8 {[%clk 0:16:30]} 23. Nd4
{[%clk 0:26:52]} b4 {[%clk 0:16:24]} 24. g5 {[%clk 0:21:07]} Qxg5 {[%clk
0:11:44]} 25. cxb4 {[%clk 0:20:10]} Bxb4 {[%clk 0:07:18]} 26. Rxe8+ {[%clk
0:19:56]} Rxe8 {[%clk 0:07:47]} 27. Nc6 {[%clk 0:18:56]} Bf8 {[%clk 0:06:15]} 28.
a3 {[%clk 0:17:02]} g6 {[%clk 0:04:22]} 29. Nxa7 {[%clk 0:16:42]} Bf5 {[%clk
0:02:59]} 30. Qc6 {[%clk 0:15:10]} Qe3 {[%clk 0:01:59]} 31. Nb5 {[%clk 0:14:07]}
Bxc2+ {[%clk 0:02:11]} 0-1

[Event "European Women's Championship"]
[Site "Vysoke Tatry"]
[Date "2018.04.19"]
[Round "11"]
[White "Michna, Marta"]
[Black "Gevorgyan, Maria"]
[Result "0-1"]
[Board "43"]
[WhiteElo "2367"]
[WhiteTitle "WGM"]
[WhiteCountry "GER"]
[WhiteFideId "1106686"]
[WhiteEloChange "-14"]
[BlackElo "2226"]
[BlackTitle "WIM"]
[BlackCountry "ARM"]
[BlackFideId "13300270"]
[BlackEloChange "14"]

1. d4 {[%clk 1:30:45]} d5 {[%clk 1:30:43]} 2. Bf4 {[%clk 1:31:07]} Nf6 {[%clk
1:31:00]} 3. c3 {[%clk 1:31:14]} c5 {[%clk 1:30:51]} 4. e3 {[%clk 1:31:38]} Nc6
{[%clk 1:30:54]} 5. Nd2 {[%clk 1:32:01]} Bf5 {[%clk 1:30:05]} 6. Qb3 {[%clk
1:31:52]} Qd7 {[%clk 1:30:29]} 7. Ngf3 {[%clk 1:32:11]} e6 {[%clk 1:30:50]} 8.
Ne5 {[%clk 1:27:57]} Nxe5 {[%clk 1:31:02]} 9. Bxe5 {[%clk 1:21:52]} c4 {[%clk
1:30:39]} 10. Qd1 {[%clk 1:22:19]} Bd6 {[%clk 1:15:55]} 11. Bxf6 {[%clk 1:20:58]}
gxf6 {[%clk 1:16:19]} 12. e4 {[%clk 1:21:25]} Bg6 {[%clk 1:15:42]} 13. exd5
{[%clk 1:04:52]} exd5 {[%clk 1:14:32]} 14. Be2 {[%clk 1:05:19]} h5 {[%clk
1:11:21]} 15. O-O {[%clk 0:58:14]} Kf8 {[%clk 1:11:44]} 16. Re1 {[%clk 0:56:01]}
Rc8 {[%clk 1:07:03]} 17. Bf3 {[%clk 0:54:44]} Bb8 {[%clk 1:06:02]} 18. h4 {[%clk
0:46:23]} Qd6 {[%clk 1:04:38]} 19. g3 {[%clk 0:46:01]} Rd8 {[%clk 0:53:02]} 20.
b3 {[%clk 0:34:46]} b5 {[%clk 0:53:01]} 21. bxc4 {[%clk 0:26:19]} bxc4 {[%clk
0:52:15]} 22. Nf1 {[%clk 0:26:03]} f5 {[%clk 0:50:01]} 23. Rb1 {[%clk 0:19:35]}
f4 {[%clk 0:50:12]} 24. Rb5 {[%clk 0:20:01]} Qc6 {[%clk 0:39:18]} 25. Rc5 {[%clk
0:20:21]} Qb7 {[%clk 0:39:02]} 26. Rxc4 {[%clk 0:15:16]} fxg3 {[%clk 0:39:15]}
27. fxg3 {[%clk 0:15:34]} Bxg3 {[%clk 0:39:27]} 28. Re2 {[%clk 0:09:18]} Bxh4
{[%clk 0:34:37]} 29. Rg2 {[%clk 0:07:02]} Re8 {[%clk 0:31:38]} 30. Qd2 {[%clk
0:04:23]} Qb1 {[%clk 0:25:53]} 31. Rc7 {[%clk 0:00:54]} Qf5 {[%clk 0:23:58]} 32.
Bxd5 {[%clk 0:00:37]} Qxd5 {[%clk 0:19:03]} 33. Qf4 {[%clk 0:01:05]} Re4 {[%clk
0:15:58]} 34. Rc8+ {[%clk 0:00:38]} Kg7 {[%clk 0:16:09]} 35. Rxg6+ {[%clk
0:00:35]} Kxg6 {[%clk 0:15:44]} 0-1